America's health care crisis solved (Record no. 77349)
[ view plain ]
| 000 -LEADER | |
|---|---|
| fixed length control field | 01964nam a22003974a 4500 |
| 082 04 - DEWEY DECIMAL CLASSIFICATION NUMBER | |
| Classification number | 338.4/33621 |
| 100 1# - MAIN ENTRY--AUTHOR NAME | |
| Personal name | Rooney, J. Patrick, |
| 245 10 - TITLE STATEMENT | |
| Title | America's health care crisis solved |
| 260 ## - PUBLICATION, DISTRIBUTION, ETC. (IMPRINT) | |
| Place of publication | Hoboken : |
| Name of publisher | Wiley, |
| Year of publication | c2008. |
| 300 ## - PHYSICAL DESCRIPTION | |
| Number of Pages | xxi, 242 p. : |
| Other physical details | ill. |
| 505 0# - FORMATTED CONTENTS NOTE | |
| Formatted contents note | No money, no healthcare -- Why the money's running out -- A new scarlet letter -- Why nationalized healthcare is no cure all -- Fair care -- Give seniors what they want (and save money doing it) -- Give control to consumers through HSAs -- Establish fair medical prices -- Make medical prices transparent -- Build risk pools -- Build a national marketplace -- Make basic healthcare cheaper and more convenient -- Do it right the first time -- Wrapping it all up. |
| 650 #0 - SUBJECT ADDED ENTRY--TOPICAL TERM | |
| Topical Term | Medical care, Cost of |
| Topical Term | Health insurance |
| Topical Term | Health care reform |
| 700 1# - ADDED ENTRY--PERSONAL NAME | |
| Personal name | Perrin, Dan, |
| 856 40 - ELECTRONIC LOCATION AND ACCESS | |
| Uniform Resource Identifier | http://site.ebrary.com/lib/rucke/Doc?id=10296515 |
No items available.
